000 00846nas a2200301 4500
001 BR2015003363
003 BR-BrBNA
005 20231205125416.0
007 ta
008 230509b bl.|||p| |||| 00| 00por d
040 _aBR-BrBNA
_bpor
_cBiblioteca Nacional de Agricultura
041 _a(En)
072 _aF30
100 1 _aMittelmann, A.
100 1 _aBuchweitz, E.D.
245 1 _aHalf-sib progenies evaluation in velvet grass
650 _aCAPIM LANUDO
650 _aHOLCUS LANATUS
650 _aPROGENIE
650 _aPASTAGEM
650 _aHOLCUS LANATUS
650 _aPROGENIE
650 _aPASTAGEM
650 _aSELE
773 0 _tCrop Breeding and Applied Biotechnology (Brazil)
_xISSN 1518-7853
_g(Sept 2010), v. 10(3) p. 254-259
_wBR2015003363
909 _a202311
_bLúcia
_c55
_dLúcia Elande
942 _2AGRIS
_n0
_cANA
999 _c244222
_d244222